Random Trivia Questions - Statistics

General Stats
  • This quiz has been taken 133 times
  • The average score is 11 of 15
Answer Stats
Question Answer % Correct
What are the three layers of the earth? Crust, mantle, core
97%
What does the “www” stand for at the start of website addresses? World Wide Web
97%
Which kind of alcohol is Russia notoriously known for? Vodka
94%
What is the chemical symbol for gold? Au
92%
What is the chemical symbol for salt? NaCl
92%
How many millimeters are in a meter? 1000
85%
What does a bat use to navigate and locate prey? Echolocation
79%
How long is a marathon? 26.2 Miles
69%
What is the most abundant gas in the Earth’s atmosphere? Nitrogen
67%
Which popular soft drink was originally created as a medicine in the 19th century? Coca-Cola
65%
Where is the ACL located? Knee
63%
What animal are pearls found in? Oysters
59%
How many elements are there on the periodic table? 118
53%
In which war did the most American soldiers die? Civil War
53%
What is the rarest blood type among humans? AB-Negative
40%
No matching quizzes found
Score Distribution
Percent of People with Each Score
Percentile by Number Answered
Your Score History
You have not taken this quiz